000 00912nas a2200301 4500
001 BR2011005824
003 BR-BrBNA
005 20231205115632.0
007 ta
008 230509b bl.|||p| |||| 00| 00por d
040 _aBR-BrBNA
_bpor
_cBiblioteca Nacional de Agricultura
041 _a(Pt)
072 _aQ03
100 1 _aCorrêa, T.A.F.
100 1 _aSilva, M.G. da
100 1 _aBalestrin, E.C. do C.
100 1 _aRall, V.L.M.
245 1 _aEficiência da lavagem e dos desinfetantes sobre coliformes termotolerantes em vegetais frescos
650 _aHORTALIÇA
650 _aALFACE
650 _aRÚCULA
650 _aCOLIFORME
650 _aHIGIENE DE ALIMENTO
650 _aSEGURANÇA ALIMENTAR
773 0 _tHigiene Alimentar (Brazil)
_xISSN 0101-9171
_g(Mar-Apr 2011), v. 25(194-195) p. 154-157
_wBR2011005824
909 _a202311
_bLúcia
_c55
_dLúcia Elande
942 _2AGRIS
_n0
_cANA
999 _c214930
_d214930